Music Quiz

Random Music or Song Quiz

Guess the Disney Lyrics! 15 Quiz Stats

 Plays Quiz not verified by Sporcle

Score 0/93 Timer 10:00
0 Plays Today
Lyrics % Correct
the
98.3%
a
98.3%
a
98.3%
the
98.3%
a
98.3%
a
98.3%
And
98.3%
the
98.3%
You
85.6%
You
85.6%
you
85.6%
be
71.9%
to
67.6%
to
67.6%
to
67.6%
to
67.6%
we
65.9%
We
65.9%
we
65.9%
we
65.9%
In
65.6%
In
65.6%
In
65.6%
In
65.6%
me
65.1%
me
65.1%
on
60.1%
Do
54.9%
are
54.4%
are
54.4%
'no
53.3%
Lyrics % Correct
not
35.7%
from
31.8%
us
30.9%
Our
29%
here
24.6%
We'll
17.8%
we'll
17.8%
mean
17.5%
mean
17.5%
everything
17.3%
everything
17.3%
think
16.1%
sky
10.6%
sky
10.6%
sky
10.6%
high
7.1%
high
7.1%
high
7.1%
Touch
6.1%
Touch
6.1%
Touch
6.1%
fear,
5.7%
hearts
5.5%
Call
5.2%
R-E-S-C-U-E
5.2%
Rescue
5.2%
R-E-S-C-U-E
5.2%
Rescue
5.2%
R-E-S-C-U-E
5.2%
Rescue
5.2%
R-E-S-C-U-E
5.2%
Lyrics % Correct
Rescue
5.2%
thee
4.7%
thee
4.7%
Society
4.6%
Society
4.6%
Society
4.6%
Society
4.6%
Aid
4.6%
Aid
4.6%
Aid
4.6%
Aid
4.6%
held
4.6%
held
4.6%
held
4.6%
Heads
4.3%
Heads
4.3%
Heads
4.3%
bind
3.6%
jam
3.2%
pledge
3.1%
pledge
3.1%
fix
3.1%
anytime
3.1%
appear
2.9%
nowhere
2.9%
Mighty
2.9%
escape'
2.7%
Loyalty
2.6%
scrape
2.5%
Honesty
2.4%
Courageous
2.4%

You're not logged in!

Compare scores with friends on all Sporcle quizzes.
OR
Log In

Show Comments

Extras

Top Quizzes Today


Score Distribution

Your Account Isn't Verified!

In order to create a playlist on Sporcle, you need to verify the email address you used during registration. Go to your Sporcle Settings to finish the process.

Report this User

Report this user for behavior that violates our Community Guidelines.

Details: